=LDR 00000nam 2200000 4500 =001 NUTBA000000000001436 =005 20140425151049.0 =006 =007 =008 =035 ##$$a 0010-041400000000706 =082 ##$$a 425-Rob-e =100 ##$$a Robert Krohn =245 ##$$a English setence structure =260 ##$$a Jakarta $b Binarupa Aksara $c 1990 =300 ##$$a xiii,305 hlm $c 21 cm